• 首页
  • 本馆介绍
  • 公告通知
  • 最新文献
  • 馆藏检索
  • 电子资源
  • 读者导购
  • 参考咨询
  • 我的图书馆
  • 登录
  • 详细信息显示
  • 放入我的书架
  • 预约/预借图书
  • 作者相关作品
  • 分类相关作品
  • 丛书相关作品
  • 出版社相关作品

书目信息

  • 表格格式
  • 工作单格式
  • 卡片格式
题名:
顶棚装饰施工
    
 
作者: 魏大平 主编
分册:  
出版信息: 北京   高等教育出版社  2019
页数: 165页
开本: 26cm
丛书名:
单 册:
中图分类: TU767.4
科图分类:
主题词: 顶棚--室内装修--工程施工--高等职业教育--教材
电子资源:
ISBN: 978-7-04-050181-0
000 01000nam0 2200241 450
001 0104711049
005 20190802133259.0
010    @a978-7-04-050181-0@dCNY36.80
100    @a20190218d2019 em y0chiy0120 ea
101 0  @achi
102    @aCN@b110000
105    @aa z 000yy
106    @ar
200 1  @a顶棚装饰施工@9Ding Peng Zhuang Shi Shi Gong @f魏大平主编@b专著
210    @a北京@c高等教育出版社@d2019
215    @a165页@c图@d26cm
300    @a国家职业教育建筑装饰工程技术专业教学资源库配套教材 高等职业教育建筑类课程新形态一体化规划教材
330    @a本书分为顶棚装饰施工基础知识、明龙骨顶棚装饰施工、暗龙骨顶棚装饰施工、复杂顶棚装饰施工四个单元,系统地讲解了顶棚基础知识、轻钢龙骨纸面石膏板顶棚、轻钢龙骨矿棉板顶棚、木龙骨木饰面顶棚、金属吊顶顶棚、软膜顶棚、复杂吊顶顶棚等顶棚类型的施工。
606 0  @a顶棚@x室内装修@x工程施工@x高等职业教育@j教材
690    @aTU767.4@v5
701  0 @a魏大平@4主编@9wei da ping
801  0 @aCN@bAZmarc@c20230905
905    @aBZT@dTU767@e50@f1@sTU767/50
    
    顶棚装饰施工/魏大平主编.-北京:高等教育出版社,2019
    165页:图;26cm
    国家职业教育建筑装饰工程技术专业教学资源库配套教材 高等职业教育建筑类课程新形态一体化规划教材
    
    ISBN 978-7-04-050181-0:CNY36.80
    本书分为顶棚装饰施工基础知识、明龙骨顶棚装饰施工、暗龙骨顶棚装饰施工、复杂顶棚装饰施工四个单元,系统地讲解了顶棚基础知识、轻钢龙骨纸面石膏板顶棚、轻钢龙骨矿棉板顶棚、木龙骨木饰面顶棚、金属吊顶顶棚、软膜顶棚、复杂吊顶顶棚等顶棚类型的施工。
●
相关链接 在五车中查询图书 在当当中查询图书 在豆瓣中查询图书


正题名:顶棚装饰施工     索取号:TU767/50         预约/预借

序号 登录号 条形码 馆藏地/架位号 状态 备注
1 2000009986   2000009986   旧书回溯/ [索取号:TU767/50] 在馆    
山东省滨州职业学院图书馆 欢迎您!
大连网信软件有限公司© 版权所有